O aký model samosprávy ide? 2

Problém funkčnosti väzieb medzi miestnou samosprávou a miestnou štátnou správou, medzi samosprávou a centrálnou mocou štátu. Finančná politika ako základ lokálnej moci. Centrálno-lokálne vzťahy.

Saved in:
Bibliographic Details
Main Author: Malíková, Ľudmila
Format: Book Chapter
Language:Slovak
Subjects:
Tags: Add Tag
No Tags, Be the first to tag this record!

MARC

LEADER 00000naa a2200000 4500
001 r017997
005 20221213101347.3
041 0 |a slo 
044 |a SK 
245 1 0 |a O aký model samosprávy ide? 2  |c Ľudmila Malíková 
520 |a Problém funkčnosti väzieb medzi miestnou samosprávou a miestnou štátnou správou, medzi samosprávou a centrálnou mocou štátu. Finančná politika ako základ lokálnej moci. Centrálno-lokálne vzťahy. 
610 2 0 |a obce 
610 2 0 |a reformy štruktúrne 
610 2 0 |a transformácia 
610 2 0 |a správa verejná 
610 2 0 |a právomoc 
610 2 0 |a samospráva 
610 2 0 |a správa štátna 
610 2 0 |a správa miestna 
610 2 0 |a moc štátna 
610 2 0 |a rozhodovanie 
610 2 0 |a politika finančná 
100 1 |a Malíková, Ľudmila